000 00229nam a22000857a 4500
008 170209b xxu||||| |||| 00| 0 eng d
100 _92826
_aBeryer.R
245 _aThe Greast Stories Never Told
260 _aNew york
_bReader Digest
_c2008
999 _c6044
_d6044